000
00360nam a2200133Ia 4500
008
231129s9999||||xx |||||||||||||| ||spa||
020
_a
968-16-4285-6
040
_b
spa
082
_a
801.95 G983c
100
_a
Gutierrez Girardot Rafael
245
0
_a
Cuestiones
264
_a
Fondo de Cultura Economica
942
_2
ddc
_c
BKS
999
_c
8563
_d
8563